Návrh riešenia pokračovania ergonomického programu vo vybraných prevádzkach podniku GRUPO ANTOLIN BRATISLAVA s.r.o.

Gespeichert in:
Bibliographische Detailangaben
1. Verfasser: Bamburová, Jaroslava (Verfasst von)
Weitere Verfasser: Hatiar, Karol (Betreuung Doktorarbeit)
Format: Manuskript Buch
Sprache:Slowakisch
Veröffentlicht: 2017
Schlagworte:
Online-Zugang:http://is.stuba.sk/zp/portal_zp.pl?podrobnosti=127116
Tags: Tag hinzufügen
Keine Tags, Fügen Sie das erste Tag hinzu!

MARC

LEADER 00000ntm a22000003a 4500
001 stuzp62150
003 SK-STU
005 20170603210316.7
007 ta
008 150427s2015----xo-----f-mn---000-0-slo-d
040 |a STU  |b slo 
041 0 |a slo 
100 1 |a Bamburová, Jaroslava  |u 064000  |4 aut  |U MTF Materiálovotechnologická fakulta  |T MTF Ústav priemyselného inžinierstva a manažmentu  |X 82039  |U M4000  |Y 84  |7 82039 
242 0 1 |a Proposal of solution design for continue ergonomic program in selected branches of GRUPO ANTOLIN BRATISLAVA  |y eng 
245 1 0 |a Návrh riešenia pokračovania ergonomického programu vo vybraných prevádzkach podniku GRUPO ANTOLIN BRATISLAVA s.r.o. 
260 |c 2017 
650 4 |a ergonómia  |2 slo 
650 4 |a ergonomická racionalizácia  |2 slo 
650 4 |a ergonomický program  |2 slo 
650 4 |a ergonomická analýza  |2 slo 
650 4 |a pracovník  |2 slo 
650 4 |a pracovný priestor  |2 slo 
650 4 |a bezpečnosť a ochrana zdravia  |2 slo 
650 4 |a podnikový rozvoj  |2 slo 
650 4 |a udržateľnosť  |2 slo 
650 4 |a ergonomics  |2 eng 
650 4 |a ergonomic analysis  |2 eng 
650 4 |a working position  |2 eng 
650 4 |a worker  |2 eng 
650 4 |a workspace  |2 eng 
650 4 |a ergonomic program  |2 eng 
650 4 |a safety and health protection  |2 eng 
650 4 |a enterprise development  |2 eng 
650 4 |a sustainability  |2 eng 
700 1 |a Hatiar, Karol  |u 064000  |k Z1  |4 ths  |U MTF Materiálovotechnologická fakulta  |T MTF Ústav priemyselného inžinierstva a manažmentu  |X 326  |U M4000  |Y 84  |7 A000000326 
856 4 |u http://is.stuba.sk/zp/portal_zp.pl?podrobnosti=127116 
996 |c M* DP-13184  |l MMSKP  |s P  |a 0  |w stuzp62150_0001